00354 a2200097 4500001001000000005001700010008004100027245009900068100002200167773006700189ART_5545920260410162009.0260409a 10aReflexiones actuales sobre las garantías unilaterales en el CCyCo. y en el derecho comparado1 aBoretto, Mauricio0 tTemas de derecho civilg- Año 8, N° 3 (mar. 2022)wREV34778